Asian Countries with 4-6 Letter Capitals - Map Quiz - Statistics

General Stats
  • This quiz has been taken 38 times
  • The average score is 15 of 18
Answers on the Map
Answers color-coded by a green-red scale on the quiz's map according to % correct below.
 
Answer Stats
Answer % Correct
Manila
94%
Ankara
91%
Seoul
91%
Malé
88%
Muscat
88%
Baku
84%
Hanoi
84%
Kabul
84%
Tokyo
84%
Dili
81%
Doha
81%
Riyadh
81%
Sana'a
81%
Tehran
81%
Amman
78%
Beirut
75%
Dhaka
75%
Manama
59%
No matching quizzes found
Score Distribution
Percent of People with Each Score
Percentile by Number Answered
Your Score History
You have not taken this quiz